000 00441nam a2200181Ia 4500
001 23815
005 20260414151002.0
008 260414t1982||||xx |||||||||||||| ||spa||
041 _aESP
082 _a709.86
_bG45
100 _aGil Tovar, F.
_eAUT
245 0 _aHistoria y arte en el Colegio Mayor del Rosario
_b
260 _c1982
300 _a197 páginas :
_c29 cm.
650 _aABD
654 _aCAU
942 _cLIB
_dJUS
_fJUS
_2ddc
_n
999 _c23815
_d23815